Rome face aux Barbares. Une histoire des sacs de la Ville. (Record no. 1922)

MARC details
000 -LEADER
fixed length control field 00553 a2200193 i 4500
001 - CONTROL NUMBER
control field 1922
003 - CONTROL NUMBER IDENTIFIER
control field MePoLT
005 - DATE AND TIME OF LATEST TRANSACTION
control field 20260408220404.0
008 - FIXED-LENGTH DATA ELEMENTS--GENERAL INFORMATION
fixed length control field 260408b |||||||| |||| 00| 0 eng d
020 ## - INTERNATIONAL STANDARD BOOK NUMBER
International Standard Book Number 2021162222
040 ## - CATALOGING SOURCE
Original cataloging agency MePoLT
Transcribing agency MePoLT
Description conventions rda
090 #4 - LOCALLY ASSIGNED LC-TYPE CALL NUMBER (OCLC); LOCAL CALL NUMBER (RLIN)
Classification number (OCLC) (R) ; Classification number, CALL (RLIN) (NR) DG311 .R63
092 #4 - LOCALLY ASSIGNED DEWEY CALL NUMBER (OCLC)
Classification number 945.632
100 1# - MAIN ENTRY--PERSONAL NAME
Personal name Roberto, Umberto.
245 10 - TITLE STATEMENT
Title Rome face aux Barbares. Une histoire des sacs de la Ville.
264 #1 - PRODUCTION, PUBLICATION, DISTRIBUTION, MANUFACTURE, AND COPYRIGHT NOTICE
Name of producer, publisher, distributor, manufacturer Le Seuil,
Date of production, publication, distribution, manufacture, or copyright notice 2015.
520 ## - SUMMARY, ETC.
Summary, etc. Rome face aux Barbares. Une histoire des sacs de la Ville by Umberto Roberto (2015)
942 ## - ADDED ENTRY ELEMENTS (KOHA)
Source of classification or shelving scheme Dewey Decimal Classification
Koha item type BOOKS
Holdings
Withdrawn status Lost status Source of classification or shelving scheme Damaged status Not for loan Home library Current library Shelving location Date acquired Total checkouts Date last seen Price effective from Koha item type
    Dewey Decimal Classification     Centerville Centerville Etagere 1 08/04/2026   08/04/2026 08/04/2026 BOOKS
    Dewey Decimal Classification     Centerville Centerville   08/04/2026   08/04/2026 08/04/2026 BOOKS
    Dewey Decimal Classification     Union Pleasant Valley Etagere 1 08/04/2026   08/04/2026 08/04/2026 BOOKS